000 00737nam a2200193 a 4500
005 20230524063636.0
008 991125s1945 mx 000 0 spa u
035 _aUPN01000004444
049 _aLT
050 4 _aLB1589 M6.4
_bH4.2
100 1 _aHernández Ruiz, Santiago,
_d1901-1988
_928897
245 1 0 _aAritmética y nociones de geometría :
_bsegundo ciclo grado primero /
_cSantiago Hernández Ruiz.
260 _aMéxico :
_bHerrero,
_c1945.
300 _a186 p. :
_bil.
500 _a"Numerosísimos ejercicios y problemas conteniendo la más alta variedad de tipos de acuerdo a su grado escolar"
500 _aDisponible en la Colección Medina
650 4 _aMatemáticas
_xEstudio y enseñanza (Elemental)
_92809
905 _aLibro
999 _c4444
_d4444